Movies Quiz

Random Movies or Pixar Quiz

Disney Singers Quiz Stats

Quiz Updated Sep 8, 2015

Challenge
Share
Tweet
Embed
Score 0/44 Timer 07:00
5 Plays Today
Song Character % Correct
Bare NecessitiesBaloo & Mowgli
89.6%
A Spoonful of SugarMary Poppins
86.3%
Hakuna MatataTimon, Pumbaa & Simba
83.9%
Bibbidi-Bobbidi-BooFairy Godmother
83.8%
Colors of the WindPocahontas
81.4%
Under the SeaSebastian
79.5%
Someday My Prince Will ComeSnow White
79.1%
Be Our GuestLumiere
78.6%
Just Keep SwimmingDory
74.7%
Poor Unfortunate SoulsUrsula
73.1%
Beauty and the BeastMrs. Potts
72.5%
I'm LateWhite Rabbit
72.2%
Be PreparedScar
70.5%
ReflectionMulan
66%
When You Wish Upon a StarJiminy Cricket
65.1%
Go the DistanceHercules
59%
Rumbly in my TumblyWinnie the Pooh
58.9%
Friend Like MeGenie
56.9%
Once Upon a DreamAurora
56.8%
I Wan'na Be Like YouKing Louie
55.9%
One Jump AheadAladdin
52.4%
When She Loved MeJessie
46.1%
Song Character % Correct
Following the LeaderLost Boys
43.9%
Put That Thing Back Where It Came From Or So Help MeMike Wazowski
43.4%
God Help the OutcastsEsmeralda
41.6%
Ev'rybody Wants to Be a CatThomas O'Malley & Scat Cat
40.9%
The Phony King of EnglandLittle John
40.4%
I See the LightRapunzel & Flynn Rider
38.6%
Cruella de VilRoger Radcliffe
36.8%
Higitus FigitusMerlin
34.6%
What's This?Jack Skellington
34.1%
Trust in MeKaa
33.2%
That's How You KnowGiselle
32.1%
Step in TimeBert
29.9%
Little Wooden HeadGeppetto
29%
The World's Greatest Criminal
Mind
Professor Ratigan
22.7%
Why Should I Worry?Dodger
21.9%
Mine, Mine, MineGov. Ratcliffe
20.7%
Three CaballerosPanchito
20.6%
Bella NotteTony
18.2%
Zip-a-Dee-Doo-DahUncle Remus
17.6%
Best of FriendsBig Mama
16.3%
The Bells of Notre DameClopin
13.6%
Why Don't You Do Right?Jessica Rabbit
8.1%

You're not logged in!

Compare scores with friends on all Sporcle quizzes.
Sign Up with Email
OR
Log In

You Might Also Like...

Show Comments

Extras

Top Quizzes Today


Score Distribution

Your Account Isn't Verified!

In order to create a playlist on Sporcle, you need to verify the email address you used during registration. Go to your Sporcle Settings to finish the process.